| 000 | 00603cam a22002411 4500 | ||
|---|---|---|---|
| 001 | sa 64003065 | ||
| 003 | DLC | ||
| 005 | 20260227112014.0 | ||
| 008 | 941024s1961 ii c b 000 0 kano | ||
| 010 | _asa 64003065 | ||
| 025 | _aPL480:I-Kan-90 | ||
| 035 | _a(OCoLC)31349470 | ||
| 040 |
_aDLC _cCU _dCU _dDLC |
||
| 042 | _apremarc | ||
| 050 | 0 | 0 |
_aQR31.F5 _bS9 |
| 100 | 1 | _aSubrahmaṇyaṃ, S. | |
| 245 | 1 | 0 | _aPenisilin. |
| 260 | _c[1961] | ||
| 300 |
_av, 116, [2] p. _bport. _c19 cm. |
||
| 500 | _aIn Kannada. | ||
| 504 | _aBibliography: p. [118] | ||
| 600 | 1 | 0 |
_aFelming, Alexander, _d1881-1955. |
| 999 |
_c57682 _d57682 |
||